000
00213 a2200097 4500
001
27447
100
_a
Bailey, F
245
_a
Fundamentals of Engg Metallurgy
260
_a
_b
Cassell
_c
1972
090
_c
18241
_d
18241
942
_a
NUST-CAE
_c
M
_c
9160
999
_c
262520
_d
262520